000 02047nam a2200433 a 4500
001 ebr10509370
003 CaPaEBR
006 m u
007 cr cn|||||||||
008 111130r20011905mauabc s 000 0aeng d
020 _z1582186561
020 _z1582186650
020 _z9781582186566
020 _z9781582186658 (e-book)
040 _aCaPaEBR
_cCaPaEBR
035 _a(OCoLC)769188737
043 _an-usp--
050 1 4 _aF592.4
_b2001eb
100 1 _aLewis, Meriwether,
_d1774-1809.
245 1 0 _aOriginal journals of the Lewis & Clark Expedition.
_nVolume V, parts 1& 2
_h[electronic resource] /
_cedited, with introduction, notes, and index by Reuben Gold Thwaites.
246 3 _aOriginal journals of the Lewis and Clark Expedition
260 _aScituate, Mass. :
_bDigital Scanning, Inc.,
_c2001.
300 _a2 v. in 1 :
_bill., map, port.
490 0 _aOriginal journals of the Lewis and Clark expedition ;
_vv. 5, pt. 1-2
500 _a"As published in 1905."
500 _aReprint of the original, published: New York : Dodd, Mead & Co., 1904-1905.
505 0 _apt. 1. Journals of Lewis and Clark, from Musquetoe Creek to Travellers Rest, May 8-July 2, 1806 -- pt. 2. Journals of Lewis and Clark, from Travellers Rest to St. Louis, July 3-September 26, 1806.
533 _aElectronic reproduction.
_bPalo Alto, Calif. :
_cebrary,
_d2013.
_nAvailable via World Wide Web.
_nAccess may be limited to ebrary affiliated libraries.
600 1 0 _aLewis, Meriwether,
_d1774-1809.
600 1 0 _aClark, William,
_d1770-1838.
611 2 0 _aLewis and Clark Expedition
_d(1804-1806)
651 0 _aWest (U.S.)
_xDiscovery and exploration.
655 7 _aElectronic books.
_2local
700 1 _aClark, William,
_d1770-1838.
700 1 _aThwaites, Reuben Gold,
_d1853-1913.
710 2 _aebrary, Inc.
740 0 2 _aOriginal journals of the Lewis and Clark Expedition, 1804-1806.
856 4 0 _uhttp://site.ebrary.com/lib/rucke/Doc?id=10509370
_zAn electronic book accessible through the World Wide Web; click to view
999 _c116309
_d116309